Language Quiz

Random Language or Numbers Quiz
Score 0/20 Timer 04:00
0 Plays Today
Number of Newspapers Language % Correct
642English
99.8%
989Spanish
99.3%
383French
98.2%
113Chinese
95.3%
508German
95.2%
568Portuguese
92.3%
103Japanese
91.5%
224Russian
90.8%
147Arabic
89.5%
84Italian
89.5%
Number of Newspapers Language % Correct
94Dutch
71.1%
121Swedish
69.1%
55Korean
68.6%
44Polish
66.7%
203Norwegian
60.2%
65Finnish
57.2%
41Turkish
56.2%
91Danish
54.2%
79Czech
44.8%
70Romanian
38.5%

You're not logged in!

Compare scores with friends on all Sporcle quizzes.
OR
Log In

Sporcle TV

Today on Sporcle TV


Watch our educational content, quiz creation guides, and fun videos on Sporcle TV.

Show Comments

Extras

Created Sep 25, 2009ReportNominate
Tags:Numbers Quiz, Newspaper

Top Quizzes Today


Score Distribution

Paid Content

Your Account Isn't Verified!

In order to create a playlist on Sporcle, you need to verify the email address you used during registration. Go to your Sporcle Settings to finish the process.

Report this User

Report this user for behavior that violates our Community Guidelines.

Details: